| 000 | 01149nam0a22002771 4500 | ||
|---|---|---|---|
| 001 | rc\2327440 | ||
| 005 | 20260408083149.0 | ||
| 035 | _a(NLR Aleph) 006581351 | ||
| 090 |
_a7049006 _c7049006 |
||
| 100 | _a20110829d1977 |||y0rusy50 ca | ||
| 101 | 0 | _arus | |
| 102 | _aRU | ||
| 105 | _ay z ||||| | ||
| 200 | 1 |
_aО роли орнамента в древнерусской храмовой декорации _fАН ГССР. Ин-т истории груз. искусства имени Г.Н. Чубинашвили. II Междунар. симпозиум по груз. искусству |
|
| 210 |
_aТбилиси _cМецниереба _d1977 |
||
| 215 |
_a10 с. _d21 |
||
| 320 | _aБиблиогр.: с. 9-10 | ||
| 700 | 1 |
_aОрлова _bМ.А. _gМария Алексеевна |
|
| 712 | 1 | 2 |
_aМеждународный симпозиум по грузинскому искусству _d2 _f1977 _eТбилиси _3RU\NLR\AUTH\8810165759 _9827544 |
| 801 | 0 |
_aRU _bNLR _gpsbo |
|
| 801 | 1 |
_aRU _bELAR _2rusmarc |
|
| 852 |
_aNLR _j77-4/23365 |
||
| 899 |
_aRuMoRGB _jБ 77-36/129 |
||
| 899 |
_aRuMoRGB _jБ 77-36/131 |
||
| 942 | _cBOOK | ||
| 980 | _aNB | ||